| 000 | 00794 a2200205 4500 | ||
|---|---|---|---|
| 020 | _a0486652424 | ||
| 020 | _a9780486652429 | ||
| 082 | _a541.369 | ||
| 090 |
_c1124 _d1124 |
||
| 100 | 1 | _aHill, Terrell L. | |
| 245 | 1 | 3 |
_aAn introduction to statistical thermodynamics / _cTerrell L. Hill, Physics. |
| 260 |
_a[S.l.] : _bDover Publications, _c1986. |
||
| 300 |
_a544 p. ; _c22 cm. |
||
| 490 | 1 | _aDover books on physics. | |
| 700 | 1 | _aHill, Terrell L. | |
| 830 | 0 | _aDover books on physics. | |
| 942 |
_aSNS _cBK _k541.369 HIL |
||
| 999 |
_c29739 _d29739 |
||